A FIRST COURSE IN COLLEGE MATHEMATICS (Record no. 2435)

000 -LEADER
fixed length control field nam a22 a 4500
005 - DATE AND TIME OF LATEST TRANSACTION
control field 20170516123506.0
008 - FIXED-LENGTH DATA ELEMENTS--GENERAL INFORMATION
fixed length control field 170516b1980 - ||||| |||| 00| 0 eng d
020 ## - INTERNATIONAL STANDARD BOOK NUMBER
International Standard Book Number 0871502852
040 ## - CATALOGING SOURCE
Original cataloging agency AKMAL
082 ## - DEWEY DECIMAL CLASSIFICATION NUMBER
Classification number 513.132 WIL
090 ## - LOCALLY ASSIGNED LC-TYPE CALL NUMBER (OCLC); LOCAL CALL NUMBER (RLIN)
Classification number (OCLC) (R) ; Classification number, CALL (RLIN) (NR) 513.132
Local cutter number (OCLC) ; Book number/undivided call number, CALL (RLIN) WIL
245 ## - TITLE STATEMENT
Title A FIRST COURSE IN COLLEGE MATHEMATICS
Statement of responsibility, etc. MARGARET F. WILLERDING
250 ## - EDITION STATEMENT
Edition statement 4th ed
260 ## - PUBLICATION, DISTRIBUTION, ETC.
Place of publication, distribution, etc. BOSTON,UNITED STATES OF AMERICA
Name of publisher, distributor, etc. PRINDLE, WEBER & SCHMIDT
Date of publication, distribution, etc. 1980
300 ## - PHYSICAL DESCRIPTION
Extent 408pg,;
Dimensions 25 cm
942 ## - ADDED ENTRY ELEMENTS (KOHA)
Source of classification or shelving scheme
Koha item type Book
Holdings
Withdrawn status Lost status Source of classification or shelving scheme Damaged status Not for loan Collection code Home library Current library Shelving location Date acquired Inventory number Total Checkouts Full call number Barcode Date last seen Price effective from Koha item type
          NON-FICTION AKMAL Melaka AKMAL Melaka PINJAMAN 16.05.2017 500067   513.132 WIL 201706696 16.05.2017 16.05.2017 Book
Pusat Sumber Maklumat Dato' Haji Sarmin Md Hussin, Akademi Kastam Diraja Malaysia, Melaka
Tel: 06-2331106 | Faks: 06-2313787